00386nam a2200121 a 450000100100000000500170001000800410002704000250006808200190009324500840011226000400019630000280023600004097420201002034523.0130912s1987 xxua 000 0 eng d aDO-SdBNPbengcBNPHU axxxxxxbxxxxxx00aThe audubon society field guide to north american fishes, whales, and dolphins. aNew York :bAlfred A. Knopf,c1987. a848 p. :bil. ;c19 cm.